[Event "?"]
[Site "?"]
[Date "2011.08.14"]
[Round "4.37"]
[White "Reinartz, Ulrich"]
[Black "Kaiser, Anton"]
[Result "1-0"]
[WhiteElo "1668"]
[BlackElo "1217"]
[PlyCount "59"]
[EventDate "2011.??.??"]
[WhiteTeam "vereinslos"]
[BlackTeam "SV 1925 Hürth-Berrenra"]

1. e4 c5 2. c3 Nc6 3. Nf3 e5 4. d4 cxd4 5. cxd4 Nf6 6. d5 Na5 7. Nc3 Bb4 8. Bg5
Qb6 9. Bd3 h6 10. Be3 Qc7 11. O-O a6 12. Rc1 Nc4 13. Ne2 Nxe3 14. Rxc7 Nxd1 15.
Rxd1 Ba5 16. Rc2 d6 17. Rdc1 O-O 18. a3 b5 19. b4 Bb6 20. Rc6 Rb8 21. Rxd6 Bg4
22. Nxe5 Bxe2 23. Bxe2 Nxe4 24. Rdc6 Nxf2 25. Rxb6 Rxb6 26. Nd7 Rf6 27. Nxf6+
gxf6 28. Kxf2 Rd8 29. Bf3 Rd6 30. Rc6 1-0

[Event "?"]
[Site "?"]
[Date "2011.08.14"]
[Round "4.38"]
[White "Klein, Markus"]
[Black "Faust, Maikel"]
[Result "0-1"]
[WhiteElo "1303"]
[BlackElo "1661"]
[PlyCount "96"]
[EventDate "2011.??.??"]
[WhiteTeam "SK Sülz-Klettenberg"]
[BlackTeam "SG Porz e.V."]

1. d4 e6 2. Nf3 c5 3. e3 Nf6 4. Nbd2 Nc6 5. dxc5 Bxc5 6. Nb3 Be7 7. Bd2 O-O 8.
Be2 Ne4 9. O-O Qc7 10. Bd3 Nxd2 11. Nfxd2 d5 12. Rc1 Bf6 13. c3 Be5 14. Qh5 g6
15. Qh4 Bg7 16. f4 b6 17. Nd4 a6 18. N4f3 Qe7 19. Qg3 b5 20. Nd4 Bd7 21. N2f3
Rfe8 22. Rfe1 Rac8 23. Bc2 Qc5 24. Nb3 Qb6 25. Kh1 b4 26. Nbd4 Nxd4 27. cxd4
Rc7 28. Re2 Rec8 29. Qf2 Bb5 30. Rd2 Bf8 31. Rcd1 a5 32. Bd3 Bxd3 33. Rxd3 a4
34. h3 Rc2 35. R3d2 b3 36. a3 Qc7 37. Ne1 Rxd2 38. Qxd2 Qb6 39. Rc1 Rc6 40.
Rxc6 Qxc6 41. Qe2 Qc1 42. Kh2 Qc4 43. Qd3 Bd6 44. Qd2 Kg7 45. Kg3 Kf6 46. Qd3
Bxa3 47. bxa3 b2 48. Qb1 Qc1 0-1

[Event "?"]
[Site "?"]
[Date "2011.08.14"]
[Round "4.39"]
[White "Torres, Roberto"]
[Black "Winterberg, Johanna"]
[Result "1-0"]
[WhiteElo "1635"]
[BlackElo "1130"]
[PlyCount "71"]
[EventDate "2011.??.??"]
[WhiteTeam "Satranc Club 2000"]
[BlackTeam "SG Burgtonna"]

1. e4 c5 2. d4 cxd4 3. Nf3 Nf6 4. e5 Ng4 5. Qxd4 d6 6. Bb5+ Nc6 7. exd6 Qxd6 8.
Qxd6 exd6 9. O-O Be7 10. Re1 a6 11. Bxc6+ bxc6 12. Bf4 Be6 13. Nc3 c5 14. Rad1
O-O 15. Bxd6 Bxd6 16. Rxd6 h6 17. Red1 Bf5 18. R1d2 Nf6 19. h3 Be4 20. Rxf6
gxf6 21. Nxe4 Rad8 22. Nxf6+ Kg7 23. Nd5 Rd7 24. c4 Rfd8 25. Nh4 Rb8 26. Nf5+
Kg6 27. g4 Rb4 28. Nf4+ Kg5 29. Rxd7 Kxf4 30. Rd2 Rxc4 31. b3 Re4 32. Kg2 h5
33. Ng3 Re5 34. Nxh5+ Kg5 35. Kg3 f5 36. f4+ 1-0

[Event "?"]
[Site "?"]
[Date "2011.08.14"]
[Round "4.40"]
[White "Halle, Julia"]
[Black "Ringeltaube, Denny"]
[Result "0-1"]
[WhiteElo "1206"]
[BlackElo "1633"]
[PlyCount "100"]
[EventDate "2011.??.??"]
[WhiteTeam "SG Burgtonna"]
[BlackTeam "Klub Kölner SF e.V. 1"]

1. e4 c6 2. Nf3 d5 3. exd5 cxd5 4. d4 Nf6 5. Nc3 Bg4 6. Be2 e6 7. O-O Be7 8.
Bf4 a6 9. Ne5 Bxe2 10. Qxe2 O-O 11. Ng4 Nc6 12. Be5 Nxg4 13. Qxg4 Bf6 14. Bxf6
Qxf6 15. Ne2 b5 16. c3 Ra7 17. Rae1 Rc7 18. Ng3 Rfc8 19. Re3 Qg6 20. Qxg6 hxg6
21. Ne2 b4 22. Rc1 Na5 23. b3 Nb7 24. f3 Nd6 25. Kf2 a5 26. Ke1 Nb5 27. Kd2 Kf8
28. g4 Ke7 29. h3 Kd6 30. f4 Kd7 31. h4 Nd6 32. cxb4 axb4 33. Rxc7+ Rxc7 34.
Ng3 Ra7 35. Kc1 Rxa2 36. Re2 Ra1+ 37. Kd2 Nb5 38. Ke3 Ra3 39. Rb2 Nc3 40. Kd2
Ra1 41. Kd3 Rd1+ 42. Rd2 Rg1 43. Ne2 Nxe2 44. Rxe2 Rxg4 45. Rf2 Rxh4 46. Ke3
Ke7 47. Ra2 Rh3+ 48. Kf2 Rxb3 49. Rd2 Kf6 50. Ke2 Kf5 0-1

[Event "?"]
[Site "?"]
[Date "2011.08.14"]
[Round "4.41"]
[White "Grasse, Herbert"]
[Black "Sherif, Malik"]
[Result "1-0"]
[WhiteElo "1632"]
[BlackElo "896"]
[PlyCount "93"]
[EventDate "2011.??.??"]
[WhiteTeam "SV Kamen 1930"]
[BlackTeam "SG Solingen e.V."]

1. Nf3 Nf6 2. g3 g6 3. Bg2 Bg7 4. O-O O-O 5. d3 Nc6 6. e4 e5 7. a4 d6 8. h3 h6
9. Be3 Be6 10. Qd2 d5 11. exd5 Bxd5 12. Bxh6 Kh7 13. Bg5 Qd7 14. Kh2 Rfe8 15.
Nc3 Be6 16. Rfe1 Ng8 17. Ne4 f6 18. Be3 Bd5 19. Nc5 Qc8 20. Ng5+ fxg5 21. Bxd5
g4 22. Bg2 b6 23. Bxc6 bxc5 24. Bxe8 Qxe8 25. Bxc5 gxh3 26. Kxh3 Qd7+ 27. Kh2
Bh6 28. Be3 Bxe3 29. Qxe3 Rb8 30. Rh1 Qe7 31. Kg2+ Kg7 32. b3 a6 33. Rh3 Qd6
34. Rah1 Qc6+ 35. Kf1 Kf6 36. g4 Ke6 37. f4 Qd5 38. Rh7 a5 39. g5 c6 40. Qh3+
Kd6 41. Rd7+ Kc5 42. Rxd5+ Kxd5 43. Qe3 Ke6 44. Qxe5+ Kd7 45. Rh7+ Ne7 46.
Qxe7+ Kc8 47. Rh8# 1-0

[Event "?"]
[Site "?"]
[Date "2011.08.14"]
[Round "4.42"]
[White "Sewald, Kathrin"]
[Black "Jürgens, Oliver"]
[Result "0-1"]
[WhiteElo "847"]
[BlackElo "1606"]
[PlyCount "72"]
[EventDate "2011.??.??"]
[WhiteTeam "SG Porz e.V."]
[BlackTeam "SGrupp Rochade Disteln 199"]

1. e4 c6 2. d4 d5 3. exd5 cxd5 4. Nf3 Nc6 5. Bb5 Qb6 6. Nc3 e6 7. O-O Bd7 8. a4
Bd6 9. Be3 Nf6 10. Ne5 a6 11. Bd3 Qc7 12. f4 Qb6 13. Re1 Qxb2 14. Bd2 Qb6 15.
Be3 Qc7 16. a5 Nb4 17. Qd2 Rc8 18. Nd1 Nxd3 19. Nxd3 Qxc2 20. Qxc2 Rxc2 21. Nc5
Bxc5 22. dxc5 O-O 23. Bd4 Ne4 24. Ne3 Rd2 25. Be5 Rc8 26. Nf1 Rc2 27. Bd4 Nxc5
28. Ne3 Rd2 29. Bc3 Rd3 30. Rac1 Ne4 31. Bb2 Rxc1 32. Bxc1 h6 33. Re2 Rb3 34.
Ng4 Rb1 35. Re1 f6 36. Rf1 Ra1 0-1

[Event "?"]
[Site "?"]
[Date "2011.08.14"]
[Round "4.44"]
[White "Hingst, Dieter Max Otto"]
[Black "Meul, Willi"]
[Result "0-1"]
[WhiteElo "942"]
[BlackElo "1672"]
[PlyCount "44"]
[EventDate "2011.??.??"]
[WhiteTeam "Brühler SK 1920 e.V."]
[BlackTeam "SV 1925 Hürth-Berrenra"]

1. d4 Nf6 2. Nf3 g6 3. b3 Bg7 4. Bb2 d5 5. Nc3 O-O 6. Qd2 Nbd7 7. O-O-O c6 8.
h4 b5 9. b4 a5 10. a3 Nb6 11. Ne5 axb4 12. Nxc6 bxc3 13. Qxc3 Qd6 14. Ne5 Ne4
15. Qe3 f6 16. h5 fxe5 17. h6 Bh8 18. f3 Nc4 19. dxe5 Bxe5 20. Bxe5 Qxe5 21.
Qd4 Qg5+ 22. Qd2 Nexd2 0-1

[Event "?"]
[Site "?"]
[Date "2011.08.14"]
[Round "4.47"]
[White "Kenen, Albert"]
[Black "Goujov, Alexander"]
[Result "1/2-1/2"]
[WhiteElo "1452"]
[BlackElo "1470"]
[PlyCount "120"]
[EventDate "2011.??.??"]
[WhiteTeam "SF Köln-Longerich 195"]
[BlackTeam "Rheydter SV 1920"]

1. d4 d5 2. c4 e6 3. e3 Nf6 4. Nc3 Bb4 5. a3 Bxc3+ 6. bxc3 c6 7. cxd5 exd5 8.
c4 Bf5 9. Bd3 Bxd3 10. Qxd3 O-O 11. cxd5 Qxd5 12. Nf3 c5 13. O-O Nc6 14. Qb5
cxd4 15. Qxd5 Nxd5 16. exd4 Rfe8 17. Bb2 Re2 18. Rab1 Rae8 19. Rfe1 f6 20. Kf1
Rxe1+ 21. Nxe1 Kf7 22. g3 b5 23. Rc1 Rc8 24. Nd3 a5 25. Rc5 Nce7 26. Rxb5 Rc2
27. h4 Nc7 28. Rb7 Ned5 29. Ke1 Kg6 30. Kd1 Rc4 31. Kd2 Ne6 32. Rb5 Ndc7 33.
Rxa5 Nxd4 34. Nf4+ Kf7 35. Kd3 Nc6 36. Rh5 Ra4 37. Rc5 Ra6 38. Kc4 Ke7 39. Nd5+
Nxd5 40. Kxd5 Ne5 41. Rc7+ Nd7 42. f4 Ra5+ 43. Kc4 Kd6 44. Rb7 Kc6 45. Rb3 Ra4+
46. Rb4 Nb6+ 47. Kd4 Ra5 48. Ke4 f5+ 49. Kf3 g6 50. g4 fxg4+ 51. Kxg4 h5+ 52.
Kf3 Rd5 53. Bd4 Nd7 54. a4 Ra5 55. Ke3 Rd5 56. Rc4+ Kb7 57. Rb4+ Kc6 58. Rc4+
Kb7 59. Ke4 Ra5 60. Rb4+ Kc6 1/2-1/2

[Event "?"]
[Site "?"]
[Date "2011.08.14"]
[Round "4.48"]
[White "Statz, Samuel"]
[Black "Wilde, Christian"]
[Result "1-0"]
[WhiteElo "995"]
[BlackElo "1007"]
[PlyCount "97"]
[EventDate "2011.??.??"]
[WhiteTeam "SV Erftstadt e.V."]
[BlackTeam "SF Köln-Longerich 195"]

1. e4 e5 2. Nf3 d6 3. Bc4 Be6 4. Bb3 Bxb3 5. axb3 Nf6 6. Nc3 a6 7. d3 Be7 8.
Bg5 Nbd7 9. O-O O-O 10. d4 h6 11. Bh4 Ne8 12. Bxe7 Qxe7 13. Nd5 Qd8 14. dxe5
dxe5 15. Qe2 c6 16. Nb4 Nef6 17. Rfd1 Qe7 18. Nd3 Rfe8 19. c3 b6 20. Nb4 Qe6
21. Nxa6 Qxb3 22. Ra3 Qe6 23. Nc7 Qg4 24. Rxa8 Rxa8 25. Nxa8 Nc5 26. h3 Qxe4
27. Qxe4 Nfxe4 28. Nxe5 Na4 29. Nxc6 Nxb2 30. Rb1 Nd3 31. Nxb6 Ndxf2 32. Rb4
Nxh3+ 33. gxh3 Nxc3 34. Kf1 g5 35. Rc4 Nb5 36. Rc5 Nd6 37. Re5 Kg7 38. Kg2 Kg6
39. Ne7+ Kf6 40. Nd7+ Kg7 41. Nf5+ Nxf5 42. Rxf5 Kg6 43. Rf6+ Kg7 44. Kg3 h5
45. Ra6 f5 46. Ne5 f4+ 47. Kf3 g4+ 48. Nxg4 hxg4+ 49. hxg4 1-0

[Event "?"]
[Site "?"]
[Date "2011.08.14"]
[Round "5.1"]
[White "Heinert, Eugen"]
[Black "Bigott, Martin"]
[Result "1-0"]
[WhiteElo "2107"]
[BlackElo "1802"]
[PlyCount "83"]
[EventDate "2011.??.??"]
[WhiteTeam "OSC Rheinhausen 04 e.V."]
[BlackTeam "SF Lohmar 1974 e.V."]

1. d4 Nf6 2. Nf3 g6 3. c4 Bg7 4. Nc3 d5 5. Bg5 c6 6. e3 Ne4 7. Bh4 Qa5 8. Qb3
e6 9. Bd3 dxc4 10. Bxc4 Nxc3 11. bxc3 O-O 12. O-O Nd7 13. Rfd1 Nf6 14. Ne5 Ne4
15. Qb4 Qxb4 16. cxb4 f6 17. Nd3 g5 18. Bg3 a6 19. Nc5 Nxc5 20. bxc5 Re8 21.
Rab1 Bf8 22. Bc7 Kg7 23. Kf1 Be7 24. Ke2 h5 25. Kd2 Bd8 26. Bxd8 Rxd8 27. Kc3
Ra7 28. e4 a5 29. Rd2 a4 30. a3 Ra5 31. Kb4 Ra8 32. Be2 e5 33. d5 cxd5 34. exd5
Bf5 35. Rbd1 Be4 36. f3 Bf5 37. Bb5 Ra7 38. c6 bxc6 39. dxc6 Rda8 40. Rd8 Kf7
41. Kc5 Bc8 42. Rh8 1-0

[Event "?"]
[Site "?"]
[Date "2011.08.14"]
[Round "5.2"]
[White "Mass, Elvira"]
[Black "Mladenov, Svetlin"]
[Result "0-1"]
[WhiteElo "1884"]
[BlackElo "2406"]
[PlyCount "114"]
[EventDate "2011.??.??"]
[WhiteTeam "Godesberger SK 1929 e.V."]
[BlackTeam "SV Wattenscheid 1930"]

1. Nf3 Nf6 2. g3 g6 3. Bg2 Bg7 4. O-O O-O 5. d4 d6 6. c4 Nbd7 7. Nc3 e5 8. e4
exd4 9. Nxd4 Re8 10. Re1 a6 11. b3 Rb8 12. Bb2 Nc5 13. Qd2 Bd7 14. b4 Na4 15.
Nxa4 Bxa4 16. Rac1 c5 17. Nb3 cxb4 18. Qxb4 Bxb3 19. axb3 a5 20. Qb5 Nd7 21.
Bxg7 Kxg7 22. Rcd1 Re5 23. Rd5 Qc7 24. Red1 Nf6 25. Rxe5 dxe5 26. h3 Re8 27.
Ra1 b6 28. Rd1 Re6 29. Rd3 Qe7 30. f3 Nh5 31. Kh2 Nf6 32. Qa4 Qc5 33. Qa1 Rd6
34. Qd1 Rxd3 35. Qxd3 Qd4 36. Qc2 Nd7 37. Bf1 Nc5 38. Kg2 Kf6 39. Be2 Ke7 40.
Kf1 Ne6 41. Qc1 h5 42. h4 Kd7 43. Qa3 Qd6 44. Qa4+ Ke7 45. Qa1 f6 46. Qc1 g5
47. Qe3 gxh4 48. gxh4 Nf4 49. Qg1 Kf7 50. Qe3 Qe6 51. Qf2 Qh3+ 52. Kg1 Qg3+ 53.
Kf1 Qxf2+ 54. Kxf2 Ke7 55. Bd1 Kd6 56. Ke3 Kc5 57. Kd2 Kd4 0-1

[Event "?"]
[Site "?"]
[Date "2011.08.14"]
[Round "5.4"]
[White "Evers, Leo"]
[Black "Esser, Thomas"]
[Result "1/2-1/2"]
[WhiteElo "2039"]
[BlackElo "1910"]
[PlyCount "97"]
[EventDate "2011.??.??"]
[WhiteTeam "SG Porz e.V."]
[BlackTeam "SV Horrem 1948"]

1. d4 Nf6 2. c4 c6 3. Nf3 d5 4. Nbd2 Bf5 5. Nh4 Bg4 6. h3 Bh5 7. g4 Bg6 8. Bg2
e6 9. Qb3 Qb6 10. Qxb6 axb6 11. Nxg6 hxg6 12. e4 dxe4 13. Nxe4 Bb4+ 14. Ke2
Nbd7 15. Bf4 Nxe4 16. Bxe4 Nf6 17. Bg2 Kd7 18. a3 Bd6 19. Bxd6 Kxd6 20. f4 Ng8
21. Rhd1 Ne7 22. Rac1 Rhd8 23. Rc3 Rac8 24. Rcd3 Kc7 25. d5 exd5 26. cxd5 Nxd5
27. Bxd5 Rxd5 28. Rxd5 cxd5 29. Rxd5 Re8+ 30. Kf2 Re6 31. Rd3 Rd6 32. Rxd6 Kxd6
33. Ke3 Kd5 34. Kd3 f5 35. b3 b5 36. b4 b6 37. g5 Ke6 38. Ke3 Kd5 39. Kd3 Ke6
40. Kd4 Kd6 41. Kc3 Kd5 42. Kd3 Ke6 43. Kd4 Kd6 44. h4 Ke6 45. Kc3 Kd5 46. Kd3
Ke6 47. Ke3 Kd5 48. Kd3 Ke6 49. Kd4 1/2-1/2

[Event "?"]
[Site "?"]
[Date "2011.08.14"]
[Round "5.5"]
[White "Dickmann, Thomas"]
[Black "Lopatin, Olga"]
[Result "0-1"]
[WhiteElo "1906"]
[BlackElo "2016"]
[PlyCount "82"]
[EventDate "2011.??.??"]
[WhiteTeam "SV Wesel 1928 e.V."]
[BlackTeam "Schachges. Augsburg 1873"]

1. c4 g6 2. g3 Bg7 3. Nc3 Nc6 4. Bg2 e6 5. e4 Nge7 6. Nge2 Na5 7. d3 O-O 8. O-O
f5 9. exf5 Nxf5 10. b3 Nd4 11. Nxd4 Bxd4 12. Bb2 Nc6 13. Rb1 a5 14. Nb5 Bf6 15.
Bxf6 Rxf6 16. d4 d5 17. c5 Bd7 18. f4 Ne7 19. Nc3 b6 20. cxb6 cxb6 21. Qd2 Nf5
22. Rfe1 Rc8 23. Rbc1 Kg7 24. Nb1 Nd6 25. Rxc8 Bxc8 26. Bf1 Rf7 27. Bd3 Qf6 28.
Qe3 Rc7 29. Nd2 Rc3 30. g4 Kg8 31. Nf3 Ba6 32. Rd1 Bxd3 33. Rxd3 Rxd3 34. Qxd3
Qxf4 35. g5 Ne4 36. Qe2 Nxg5 37. Nxg5 Qxg5+ 38. Kf1 Qf4+ 39. Kg1 Qxd4+ 40. Kf1
Qf4+ 41. Kg1 d4 0-1

[Event "?"]
[Site "?"]
[Date "2011.08.14"]
[Round "5.6"]
[White "Freundlieb, Thomas"]
[Black "Budszuhn, Timo"]
[Result "1/2-1/2"]
[WhiteElo "2016"]
[BlackElo "1886"]
[PlyCount "66"]
[EventDate "2011.??.??"]
[WhiteTeam "SV Bergneustadt/Dersch"]
[BlackTeam "SG Bochum 1931"]

1. d4 Nf6 2. Nf3 g6 3. Bg5 Bg7 4. Nbd2 d5 5. e3 Bf5 6. c3 Nbd7 7. b4 a5 8. a4
Nb6 9. b5 c5 10. dxc5 Nbd7 11. c6 bxc6 12. bxc6 Nc5 13. Bb5 O-O 14. Bxf6 Bxf6
15. Nd4 Rc8 16. N2b3 Qb6 17. Nxc5 Qxc5 18. Rc1 Rfd8 19. O-O e5 20. Nb3 Qb6 21.
Qd2 Rxc6 22. Bxc6 Qxc6 23. Nxa5 Qb6 24. c4 Ra8 25. Qxd5 Rxa5 26. c5 Qa7 27. Qd6
Be7 28. Qxe5 Bxc5 29. Qe8+ Kg7 30. Rfd1 Be7 31. Rd4 Bf6 32. Rdc4 Bd7 33. Re4
Rxa4 1/2-1/2

[Event "?"]
[Site "?"]
[Date "2011.08.14"]
[Round "5.9"]
[White "Vaerst, Joachim"]
[Black "Mischke, Eckhard"]
[Result "1-0"]
[WhiteElo "1954"]
[BlackElo "1813"]
[PlyCount "57"]
[EventDate "2011.??.??"]
[WhiteTeam "SV Erftstadt e.V."]
[BlackTeam "Sportgemeinschaft Kaarst 1912/35"]

1. e4 d6 2. d4 g6 3. Nc3 Bg7 4. Be3 Nf6 5. f3 c6 6. Qd2 h5 7. O-O-O Be6 8. Nh3
Qa5 9. Kb1 Na6 10. Nf4 O-O-O 11. d5 cxd5 12. Nxe6 fxe6 13. exd5 Nxd5 14. Nxd5
Qxd2 15. Nxe7+ Kd7 16. Rxd2 Kxe7 17. Bxa7 Nb4 18. Bf2 Rc8 19. c3 Bh6 20. Rd1
Nd5 21. Bd3 Nf4 22. g3 Nh3 23. Be1 Ng5 24. f4 Nf3 25. Bf2 g5 26. Be4 gxf4 27.
Bxf3 fxg3 28. Bxg3 d5 29. Rhe1 1-0

[Event "?"]
[Site "?"]
[Date "2011.08.14"]
[Round "5.11"]
[White "Dijkhuis, Sven"]
[Black "Eigemann, Frederik"]
[Result "0-1"]
[WhiteElo "1669"]
[BlackElo "2014"]
[PlyCount "118"]
[EventDate "2011.??.??"]
[WhiteTeam "MoiraDomtoren"]
[BlackTeam "SG Porz e.V."]

1. e4 e6 2. d4 d5 3. Nd2 Be7 4. Bd3 c5 5. c3 Nc6 6. Ne2 cxd4 7. cxd4 dxe4 8.
Nxe4 Nf6 9. Nxf6+ Bxf6 10. Be3 O-O 11. O-O Bd7 12. Rc1 Nb4 13. Bb1 Bc6 14. Nf4
g6 15. a3 Nd5 16. Qg4 Qe7 17. Nxd5 Bxd5 18. Be4 Bxe4 19. Qxe4 Rfc8 20. g3 Qd7
21. b3 Be7 22. Rxc8+ Rxc8 23. a4 Qd5 24. Qxd5 exd5 25. Rc1 Rxc1+ 26. Bxc1 Bf6
27. Be3 a6 28. Kf1 Kf8 29. Ke2 Ke7 30. Kd3 Kd6 31. b4 b5 32. axb5 axb5 33. Ke2
Ke6 34. f4 Kf5 35. Kf3 Be7 36. Bd2 Bf8 37. h3 h6 38. Bc3 Bg7 39. Bb2 Bf8 40.
Bc3 Ke6 41. Ke3 Be7 42. Kf3 Kf6 43. Bd2 Kg7 44. Be1 Bd8 45. Bd2 Bb6 46. Be3 Kf6
47. g4 Ba7 48. Bf2 Bb8 49. h4 h5 50. g5+ Kf5 51. Be3 Bc7 52. Bc1 Bd8 53. Be3
Be7 54. Bd2 Bd6 55. Bc3 Bxf4 56. Be1 Bd6 57. Bc3 Bc7 58. Bd2 Bd8 59. Be1 Be7
0-1

[Event "?"]
[Site "?"]
[Date "2011.08.14"]
[Round "5.13"]
[White "Gottas, Mike"]
[Black "Lantsman, Boris"]
[Result "1/2-1/2"]
[WhiteElo "1949"]
[BlackElo "1763"]
[PlyCount "58"]
[EventDate "2011.??.??"]
[WhiteTeam "SV Wiehl 1923 e.V."]
[BlackTeam "SF Köln-Longerich 195"]

1. d4 e6 2. Nf3 Nf6 3. Bg5 Be7 4. Nbd2 d5 5. e3 Nc6 6. c3 Bd7 7. Bd3 h6 8. Bf4
a6 9. Qe2 Na7 10. Ne5 Bb5 11. c4 dxc4 12. Bxc4 Bxc4 13. Qxc4 O-O 14. O-O Nb5
15. Rac1 c6 16. Bg3 Nh5 17. a4 Nxg3 18. hxg3 Nd6 19. Qb3 Rb8 20. Rfd1 Bf6 21.
Ndc4 Nxc4 22. Qxc4 Bxe5 23. dxe5 Qg5 24. Qf4 Qxf4 25. gxf4 Rfd8 26. Kf1 Kf8 27.
Ke2 Ke7 28. a5 f6 29. exf6+ gxf6 1/2-1/2

[Event "?"]
[Site "?"]
[Date "2011.08.14"]
[Round "5.15"]
[White "Maczkowiak, Thomas"]
[Black "Lessing, Sebastian"]
[Result "1/2-1/2"]
[WhiteElo "1834"]
[BlackElo "1767"]
[PlyCount "44"]
[EventDate "2011.??.??"]
[WhiteTeam "SG Ennepe-Ruhr-S"]
[BlackTeam "SG Porz e.V."]

1. Nf3 g6 2. g3 Bg7 3. Bg2 d5 4. O-O Bg4 5. d4 Nc6 6. c3 Qd7 7. Bf4 h5 8. Qd3
O-O-O 9. Nbd2 h4 10. Nxh4 Bh3 11. Ndf3 Bxg2 12. Kxg2 Bf6 13. Be5 Nxe5 14. dxe5
Bxh4 15. Nxh4 Qg4 16. Kh1 Nh6 17. f3 Qh3 18. Qe3 Nf5 19. Qg1 Nxh4 20. gxh4 Rxh4
21. Rad1 Rdh8 22. Rf2 e6 1/2-1/2

[Event "?"]
[Site "?"]
[Date "2011.08.14"]
[Round "5.16"]
[White "Kuhn, Andreas"]
[Black "Dabringhaus, Christian"]
[Result "1-0"]
[WhiteElo "1785"]
[BlackElo "1691"]
[PlyCount "53"]
[EventDate "2011.??.??"]
[WhiteTeam "SG Niederkassel"]
[BlackTeam "Klub Kölner SF e.V. 1"]

1. c4 Nf6 2. g3 g6 3. Bg2 Bg7 4. Nc3 O-O 5. d4 c6 6. Nf3 d5 7. cxd5 cxd5 8. Ne5
e6 9. O-O Nc6 10. Nxc6 bxc6 11. Bf4 Nh5 12. Be3 Nf6 13. Qd2 Ng4 14. Bf4 e5 15.
dxe5 Nxe5 16. b3 Bb7 17. Rac1 Rc8 18. Bh6 Qe7 19. Bxg7 Kxg7 20. Rfd1 Rfd8 21.
Na4 Ba8 22. e3 Kg8 23. Qd4 Rd6 24. Qc5 Kf8 25. Rxd5 Rcd8 26. Rxe5 Qd7 27. Rd1
1-0

[Event "?"]
[Site "?"]
[Date "2011.08.14"]
[Round "5.17"]
[White "Hübben, Dominik"]
[Black "Jansen, Kurt"]
[Result "1-0"]
[WhiteElo "1779"]
[BlackElo "1401"]
[PlyCount "97"]
[EventDate "2011.??.??"]
[WhiteTeam "Eschweiler SC 1921 e.V."]
[BlackTeam "SK Sülz-Klettenberg"]

1. d4 e6 2. c4 c6 3. Nf3 d5 4. Bg5 Be7 5. Bxe7 Nxe7 6. e3 Qa5+ 7. Nc3 dxc4 8.
Bxc4 Qb4 9. Qe2 Nd5 10. Rc1 Nxc3 11. bxc3 Qa5 12. O-O Nd7 13. e4 O-O 14. e5 Re8
15. Ng5 h6 16. Ne4 Nb6 17. Nd6 Rd8 18. Bd3 f5 19. Qh5 Rf8 20. g4 Nd5 21. gxf5
Nf4 22. Qf3 Nxd3 23. Qxd3 exf5 24. f4 b6 25. Rf2 Be6 26. h4 b5 27. Kh2 Qd8 28.
Qg3 Kh8 29. Rg1 Qe7 30. Kh3 Rg8 31. Qg6 Raf8 32. Rfg2 a5 33. a3 a4 34. Rg3 Qd7
35. Qh5 Bf7 36. Qe2 Kh7 37. Nxf7 Qxf7 38. Qg2 g6 39. Qxc6 g5 40. fxg5 f4 41.
g6+ Rxg6 42. Qxg6+ Qxg6 43. Rxg6 f3 44. Rg7+ Kh8 45. R7g3 f2 46. Rf1 Rf4 47.
Kg2 b4 48. Rxf2 Rxf2+ 49. Kxf2 1-0

[Event "?"]
[Site "?"]
[Date "2011.08.14"]
[Round "5.19"]
[White "Torres, Roberto"]
[Black "Weißhuhn, Gunnar"]
[Result "0-1"]
[WhiteElo "1635"]
[BlackElo "1886"]
[PlyCount "70"]
[EventDate "2011.??.??"]
[WhiteTeam "Satranc Club 2000"]
[BlackTeam "SK Turm Euskirchen 65"]

1. Nf3 d6 2. d4 f5 3. c4 Nf6 4. Nc3 g6 5. Bg5 Bg7 6. Qd2 h6 7. Bxf6 Bxf6 8. Nd5
Bg7 9. e3 e6 10. Nf4 Qf6 11. Bd3 c6 12. Qb4 e5 13. dxe5 dxe5 14. Nxe5 Qxe5 15.
Nxg6 Na6 16. Qa3 Qc5 17. Rb1 Qxa3 18. bxa3 Rg8 19. O-O Kf7 20. Nh4 Kf6 21. Rfd1
Nc5 22. Bc2 Be6 23. Rd6 Bf8 24. Rd4 Be7 25. Rf4 Bd6 26. Rf3 Rg5 27. e4 f4 28.
Nf5 Bxf5 29. exf5 Re8 30. Rh3 h5 31. Rd1 Bc7 32. Rf3 Re2 33. Bb1 Rg7 34. Kf1
Rge7 35. Rh3 Ba5 0-1

[Event "?"]
[Site "?"]
[Date "2011.08.14"]
[Round "5.20"]
[White "Ringeltaube, Denny"]
[Black "Zilberman, Rodion"]
[Result "1/2-1/2"]
[WhiteElo "1633"]
[BlackElo "1868"]
[PlyCount "89"]
[EventDate "2011.??.??"]
[WhiteTeam "Klub Kölner SF e.V. 1"]
[BlackTeam "SF Köln-Longerich 195"]

1. d4 g6 2. Nf3 Bg7 3. g3 d6 4. Bg2 c6 5. O-O Nf6 6. c4 O-O 7. Nc3 Nbd7 8. e4
e5 9. d5 cxd5 10. cxd5 Nc5 11. Re1 Bg4 12. h3 Bd7 13. b4 Na6 14. a3 Qc8 15. Bb2
Bxh3 16. Rc1 Bxg2 17. Kxg2 Qd7 18. Qe2 Nc7 19. Rc2 a6 20. Nd2 b5 21. Nb3 Rac8
22. Na5 Na8 23. Nc6 Nb6 24. Nd1 Nc4 25. Bc1 Rc7 26. Ne3 Nb6 27. Nd1 Rfc8 28.
Qd3 h5 29. Bg5 Kh7 30. Ne3 Ng8 31. g4 f6 32. gxh5 gxh5 33. Bh4 Ne7 34. Qe2 Qe8
35. Rh1 Qg6+ 36. Kf1 Qxe4 37. Qxh5+ Kg8 38. Nxe7+ Rxe7 39. Rxc8+ Nxc8 40. Bxf6
Bxf6 41. Rg1+ Kf8 42. Rg6 Qd3+ 43. Ke1 Qb1+ 44. Ke2 Qb2+ 45. Ke1 1/2-1/2

[Event "?"]
[Site "?"]
[Date "2011.08.14"]
[Round "5.21"]
[White "Grasse, Herbert"]
[Black "Ziabari, Morteza"]
[Result "1-0"]
[WhiteElo "1632"]
[BlackElo "1808"]
[PlyCount "111"]
[EventDate "2011.??.??"]
[WhiteTeam "SV Kamen 1930"]
[BlackTeam "SF Köln-Müngersdorf 1935"]

1. Nf3 d5 2. g3 Nc6 3. d3 e5 4. Nbd2 e4 5. dxe4 dxe4 6. Nxe4 Qxd1+ 7. Kxd1 Bf5
8. Nfd2 O-O-O 9. Bg2 Nd4 10. c3 Ne6 11. Ke1 h5 12. b4 Bg6 13. Nc4 f5 14. Ng5
Re8 15. Ne5 Rh6 16. Ngf3 f4 17. Bh3 Be4 18. Bxf4 Rf6 19. Bg5 Bxf3 20. Nxf3 Rf7
21. Nd4 Kd7 22. Nxe6 Rxe6 23. Rd1+ Bd6 24. Bxe6+ Kxe6 25. Rd3 a5 26. a3 axb4
27. axb4 Rf5 28. h4 c5 29. e4 Rf8 30. bxc5 Bxc5 31. f4 Ra8 32. Ke2 Ra2+ 33. Rd2
Ra4 34. f5+ Kf7 35. Kf3 Ra3 36. Rc1 b5 37. Rd5 Bb4 38. Bd2 Nf6 39. Rxb5 Bf8 40.
e5 Ng4 41. e6+ Ke8 42. Bg5 Bd6 43. Bf4 Nh2+ 44. Ke4 Ra4+ 45. c4 Bxf4 46. Kxf4
Ng4 47. Kg5 Ra3 48. Rb8+ Ke7 49. Rb7+ Ke8 50. Rxg7 Rxg3 51. Kf4 Rd3 52. Ra1
Rd4+ 53. Kg5 Ne5 54. Ra8+ Rd8 55. Rg8+ Ke7 56. Raxd8 1-0

[Event "?"]
[Site "?"]
[Date "2011.08.14"]
[Round "5.22"]
[White "Jürgens, Oliver"]
[Black "Lecomte, Romain"]
[Result "1/2-1/2"]
[WhiteElo "1606"]
[BlackElo "1789"]
[PlyCount "112"]
[EventDate "2011.??.??"]
[WhiteTeam "SGrupp Rochade Disteln 199"]

1. d4 d6 2. c4 e5 3. dxe5 dxe5 4. Qxd8+ Kxd8 5. Nc3 c6 6. Nf3 f6 7. Bd2 Be6 8.
e3 Nd7 9. Rd1 Kc7 10. a3 Nh6 11. Be2 Nc5 12. e4 Nf7 13. b4 Nd7 14. O-O Nd6 15.
c5 Nc4 16. Bc1 b6 17. cxb6+ axb6 18. Bxc4 Bxc4 19. Rfe1 Be7 20. Bb2 Rhd8 21.
Rd2 Bb3 22. Rb1 Nf8 23. Rxd8 Rxd8 24. Ba1 Bc4 25. Rd1 Rxd1+ 26. Nxd1 Ne6 27.
Nd2 Bd3 28. Ne3 g6 29. Ng4 Nd4 30. Bb2 Nc2 31. f3 h5 32. Nf2 Be2 33. Nb3 Bc4
34. Nd2 Bb5 35. Nd1 Bd6 36. Nc3 Bd3 37. Nb3 f5 38. exf5 gxf5 39. Kf2 Kd7 40. h3
Ke6 41. Na4 Bc7 42. Nc3 h4 43. Bc1 e4 44. fxe4 fxe4 45. Ne2 Bc4 46. Nbd4+ Nxd4
47. Nxd4+ Kd7 48. Nf5 Bd8 49. Bb2 c5 50. Ne3 Bd3 51. bxc5 bxc5 52. g3 hxg3+ 53.
Kxg3 c4 54. Bc3 Bb6 55. Kf4 Ke6 56. Nxc4 Bxc4 1/2-1/2

[Event "?"]
[Site "?"]
[Date "2011.08.14"]
[Round "5.23"]
[White "Armbrust, Matthias"]
[Black "Runte, Dirk"]
[Result "1-0"]
[WhiteElo "1768"]
[BlackElo "1593"]
[PlyCount "61"]
[EventDate "2011.??.??"]
[WhiteTeam "SC Lerchenberg/ZMO"]
[BlackTeam "SV Fideler Bauer Lever"]

1. e4 c5 2. Nc3 Nc6 3. g3 g6 4. Bg2 Bg7 5. d3 e6 6. f4 Nge7 7. Nf3 d6 8. O-O
O-O 9. Be3 b6 10. d4 cxd4 11. Nxd4 Nxd4 12. Bxd4 Ba6 13. Rf2 Qc7 14. Bxg7 Kxg7
15. f5 exf5 16. exf5 Nxf5 17. Bxa8 Rxa8 18. g4 Nh6 19. Qd4+ Kg8 20. Nd5 Qc4 21.
Nf6+ Kh8 22. Rd1 Qxd4 23. Rxd4 Rd8 24. h3 Ng8 25. Ne4 f5 26. Nxd6 Rd7 27. gxf5
gxf5 28. Rxf5 Nh6 29. Rh5 Rg7+ 30. Kf2 Nf7 31. Rf5 1-0